000 00529nam a2200205Ia 4500
005 20240823045034.0
008 240823s9999||||xx |||||||||||||| ||und||
020 _a81-239-1402-47
041 _aENGLISH
082 _A610.28 P7
100 _aScott K N
245 0 _aTextbook of Biomedical Instrumentation
250 _a1st
260 _c2007
_b"CBS Publishers & Distributors,New "
500 _aYES
650 _aBiomedical Instrumentation
_bBio Medical Engg.
700 _a Mathur A K
942 _cBK
999 _c214027
_d214027